Za nový školský systém zborník príspevkov z rokov 1945-1982

Saved in:
Bibliographic Details
Format: Book
Language:Slovak
Published: Bratislava Veda 1984
Tags: Add Tag
No Tags, Be the first to tag this record!

MARC

LEADER 00000nam a2200000 4500
001 c114899
005 20250818104318.2
041 0 |a slo 
044 |a SK 
245 1 0 |a Za nový školský systém  |b zborník príspevkov z rokov 1945-1982  |c Ondrej Pavlík 
264 1 |a Bratislava  |b Veda  |c 1984 
300 |a 295 s.